[Event "Rapid Tournament (RAP)"]
[Site "Biel, CH"]
[Date "2025.07.13"]
[Round "8"]
[White "Schreiber, Edwin"]
[Black "Pardoen, Theodore"]
[Result "0-1"]
[Board "44"]
[WhiteFideId "2011921"]
[BlackFideId "282480"]
[WhiteElo "1863"]
[BlackElo "1711"]
[WhiteTeam "USA"]
[BlackTeam "BEL"]
[WhiteClock "0:05:19"]
[BlackClock "0:10:52"]
[Variant "Standard"]

1. e4 {[%clk 0:14:13]}  e5 {[%clk 0:15:05]} 2. Nc3 {[%clk 0:14:16]}  Nf6 {[%clk 0:15:11]} 3. f4 {[%clk 0:14:20]}  Nc6 {[%clk 0:14:58]} 4. fxe5 {[%clk 0:14:09]}  Nxe5 {[%clk 0:15:01]} 5. d4 {[%clk 0:14:13]}  Ng6 {[%clk 0:14:47]} 6. e5 {[%clk 0:14:04]}  Ng8 {[%clk 0:14:44]} 7. Nf3 {[%clk 0:14:04]}  d6 {[%clk 0:13:30]} 8. Bg5 {[%clk 0:12:41]}  Be7 {[%clk 0:14:40]} 9. Bxe7 {[%clk 0:12:21]}  N8xe7 {[%clk 0:14:43]} 10. Be2 {[%clk 0:11:14]}  dxe5 {[%clk 0:14:39]} 11. dxe5 {[%clk 0:11:16]}  Qxd1+ {[%clk 0:14:40]} 12. Rxd1 {[%clk 0:11:18]}  Nc6 {[%clk 0:14:38]} 13. Bb5 {[%clk 0:11:06]}  Bd7 {[%clk 0:14:36]} 14. Bxc6 {[%clk 0:10:52]}  Bxc6 {[%clk 0:14:39]} 15. O-O {[%clk 0:10:54]}  Bxf3 {[%clk 0:14:25]} 16. Rxf3 {[%clk 0:10:58]}  Nxe5 {[%clk 0:14:27]} 17. Re3 {[%clk 0:10:58]}  f6 {[%clk 0:14:14]} 18. Nd5 {[%clk 0:10:36]}  Rc8 {[%clk 0:14:16]} 19. Nf4 {[%clk 0:10:23]}  O-O {[%clk 0:14:07]} 20. Rde1 {[%clk 0:09:26]}  Rfd8 {[%clk 0:13:18]} 21. Nd3 {[%clk 0:08:37]}  Nxd3 {[%clk 0:12:49]} 22. cxd3 {[%clk 0:09:33]}  Kf7 {[%clk 0:12:47]} 23. Re7+ {[%clk 0:09:30]}  Kf8 {[%clk 0:12:35]} 24. R7e3 {[%clk 0:09:10]}  Rd4 {[%clk 0:12:18]} 25. Rc1 {[%clk 0:08:48]}  c6 {[%clk 0:11:59]} 26. Rc3 {[%clk 0:08:24]}  Kf7 {[%clk 0:11:54]} 27. Kf2 {[%clk 0:08:45]}  Rcd8 {[%clk 0:11:59]} 28. Ke2 {[%clk 0:08:46]}  Rb4 {[%clk 0:11:44]} 29. b3 {[%clk 0:08:43]}  Rbd4 {[%clk 0:11:38]} 30. g3 {[%clk 0:08:15]}  R8d6 {[%clk 0:11:29]} 31. h4 {[%clk 0:08:14]}  Re6 {[%clk 0:11:32]} 32. Kf3 {[%clk 0:08:12]}  Rxe3+ {[%clk 0:11:16]} 33. Kxe3 {[%clk 0:08:14]}  Rg4 {[%clk 0:11:05]} 34. Kf3 {[%clk 0:08:16]}  h5 {[%clk 0:11:06]} 35. Rc5 {[%clk 0:08:04]}  g6 {[%clk 0:11:07]} 36. Ra5 {[%clk 0:07:49]}  a6 {[%clk 0:11:08]} 37. Rc5 {[%clk 0:07:51]}  Ke6 {[%clk 0:11:10]} 38. Rc4 {[%clk 0:07:42]}  Rxc4 {[%clk 0:10:51]} 39. dxc4 {[%clk 0:07:35]}  Ke5 {[%clk 0:10:54]} 40. Ke3 {[%clk 0:07:31]}  b5 {[%clk 0:10:55]} 41. a3 {[%clk 0:07:12]}  g5 {[%clk 0:10:03]} 42. Kd3 {[%clk 0:06:27]}  gxh4 {[%clk 0:10:42]} 43. gxh4 {[%clk 0:06:21]}  f5 {[%clk 0:10:32]} 44. cxb5 {[%clk 0:06:23]}  cxb5 {[%clk 0:10:33]} 45. Ke3 {[%clk 0:06:26]}  a5 {[%clk 0:10:26]} 46. b4 {[%clk 0:06:09]}  a4 {[%clk 0:10:29]} 47. Kf3 {[%clk 0:06:00]}  f4 {[%clk 0:10:30]} 48. Kf2 {[%clk 0:05:53]}  Kf5 {[%clk 0:10:22]} 49. Kf3 {[%clk 0:05:53]}  Ke5 {[%clk 0:10:33]} 50. Kf2 {[%clk 0:05:53]}  Ke4 {[%clk 0:10:36]} 51. Ke2 {[%clk 0:05:57]}  f3+ {[%clk 0:10:39]} 52. Kf2 {[%clk 0:06:00]}  Kf4 {[%clk 0:10:43]} 53. Kf1 {[%clk 0:05:54]}  Kg3 {[%clk 0:10:40]} 54. Kg1 {[%clk 0:05:48]}  Kxh4 {[%clk 0:10:43]} 55. Kf2 {[%clk 0:05:50]}  Kg4 {[%clk 0:10:47]} 56. Kg1 {[%clk 0:05:54]}  Kg3 {[%clk 0:10:11]} 57. Kf1 {[%clk 0:05:19]}  f2 {[%clk 0:10:52]} 0-1

[Event "Rapid Tournament (RAP)"]
[Site "Biel, CH"]
[Date "2025.07.13"]
[Round "8"]
[White "Villiger, Jan"]
[Black "Mazzeo, Luigi"]
[Result "1-0"]
[Board "45"]
[WhiteFideId "1340891"]
[BlackFideId "1367510"]
[WhiteElo "1827"]
[BlackElo "1658"]
[WhiteTeam "SUI"]
[BlackTeam "SUI"]
[WhiteClock "0:00:51"]
[BlackClock "0:00:16"]
[Variant "Standard"]

1. e4 {[%clk 0:15:08]}  d5 {[%clk 0:15:09]} 2. exd5 {[%clk 0:15:11]}  Qxd5 {[%clk 0:15:12]} 3. Nc3 {[%clk 0:15:14]}  Qa5 {[%clk 0:15:15]} 4. Bc4 {[%clk 0:15:15]}  Nf6 {[%clk 0:15:11]} 5. d3 {[%clk 0:15:15]}  Bg4 {[%clk 0:15:13]} 6. f3 {[%clk 0:15:14]}  Qe5+ {[%clk 0:14:26]} 7. Nge2 {[%clk 0:14:53]}  Bf5 {[%clk 0:14:04]} 8. Bf4 {[%clk 0:14:23]}  Qc5 {[%clk 0:13:51]} 9. Qd2 {[%clk 0:13:56]}  c6 {[%clk 0:11:37]} 10. Ne4 {[%clk 0:13:38]}  Bxe4 {[%clk 0:10:55]} 11. Be3 {[%clk 0:12:50]}  Qd6 {[%clk 0:09:45]} 12. fxe4 {[%clk 0:12:47]}  Nbd7 {[%clk 0:08:33]} 13. h3 {[%clk 0:11:54]}  Ne5 {[%clk 0:07:55]} 14. Bb3 {[%clk 0:11:48]}  O-O-O {[%clk 0:07:51]} 15. O-O-O {[%clk 0:11:37]}  Qd7 {[%clk 0:05:37]} 16. Bxa7 {[%clk 0:10:55]}  e6 {[%clk 0:05:28]} 17. Bb6 {[%clk 0:10:40]}  Bd6 {[%clk 0:04:11]} 18. Qa5 {[%clk 0:10:15]}  Bc7 {[%clk 0:03:20]} 19. Qa8+ {[%clk 0:10:01]}  Bb8 {[%clk 0:03:23]} 20. d4 {[%clk 0:09:17]}  Ng6 {[%clk 0:02:47]} 21. Nc3 {[%clk 0:09:07]}  Qe7 {[%clk 0:02:13]} 22. d5 {[%clk 0:04:41]}  Qb4 {[%clk 0:01:42]} 23. Bxd8 {[%clk 0:04:07]}  Rxd8 {[%clk 0:01:46]} 24. dxe6 {[%clk 0:04:10]}  Rxd1+ {[%clk 0:01:37]} 25. Rxd1 {[%clk 0:04:14]}  fxe6 {[%clk 0:00:54]} 26. Bxe6+ {[%clk 0:03:39]}  Kc7 {[%clk 0:00:58]} 27. a3 {[%clk 0:02:56]}  Qe7 {[%clk 0:00:49]} 28. Bf5 {[%clk 0:02:24]}  Qe5 {[%clk 0:00:30]} 29. Kb1 {[%clk 0:02:16]}  Ne7 {[%clk 0:00:23]} 30. g4 {[%clk 0:01:28]}  g6 {[%clk 0:00:26]} 31. g5 {[%clk 0:01:33]}  gxf5 {[%clk 0:00:25]} 32. gxf6 {[%clk 0:01:36]}  Qxf6 {[%clk 0:00:26]} 33. Qa5+ {[%clk 0:01:31]}  b6 {[%clk 0:00:29]} 34. Qb4 {[%clk 0:01:11]}  fxe4 {[%clk 0:00:29]} 35. Qxe4 {[%clk 0:01:01]}  Kb7 {[%clk 0:00:19]} 36. Rd7+ {[%clk 0:00:56]}  Ka6 {[%clk 0:00:16]} 37. Qa4# {[%clk 0:00:51]} 1-0

[Event "Rapid Tournament (RAP)"]
[Site "Biel, CH"]
[Date "2025.07.13"]
[Round "8"]
[White "Wilhelm, Marco"]
[Black "Smith, Alister W"]
[Result "0-1"]
[Board "46"]
[WhiteFideId "1347039"]
[BlackFideId "433284"]
[WhiteElo "1606"]
[BlackElo "1822"]
[WhiteTeam "SUI"]
[BlackTeam "ENG"]
[WhiteClock "0:00:40"]
[BlackClock "0:05:54"]
[Variant "Standard"]

1. e4 {[%clk 0:15:09]}  c5 {[%clk 0:15:09]} 2. d3 {[%clk 0:15:12]}  e6 {[%clk 0:15:02]} 3. Nd2 {[%clk 0:15:16]}  d5 {[%clk 0:15:04]} 4. g3 {[%clk 0:15:16]}  Nf6 {[%clk 0:14:35]} 5. Bg2 {[%clk 0:15:16]}  Be7 {[%clk 0:14:32]} 6. e5 {[%clk 0:15:04]}  Nfd7 {[%clk 0:14:31]} 7. Ngf3 {[%clk 0:15:05]}  Nc6 {[%clk 0:14:31]} 8. Qe2 {[%clk 0:15:00]}  Qc7 {[%clk 0:14:23]} 9. O-O {[%clk 0:14:46]}  Ndxe5 {[%clk 0:14:11]} 10. Re1 {[%clk 0:14:34]}  Nxf3+ {[%clk 0:13:47]} 11. Nxf3 {[%clk 0:14:34]}  O-O {[%clk 0:13:46]} 12. Bf4 {[%clk 0:14:37]}  Qd8 {[%clk 0:13:45]} 13. c3 {[%clk 0:14:14]}  Bf6 {[%clk 0:13:42]} 14. Ne5 {[%clk 0:13:52]}  Bd7 {[%clk 0:13:29]} 15. Nxc6 {[%clk 0:13:36]}  Bxc6 {[%clk 0:13:31]} 16. Be5 {[%clk 0:13:38]}  Bxe5 {[%clk 0:12:52]} 17. Qxe5 {[%clk 0:13:41]}  Qf6 {[%clk 0:12:51]} 18. Qe3 {[%clk 0:13:34]}  d4 {[%clk 0:12:20]} 19. Qe5 {[%clk 0:13:05]}  Qxe5 {[%clk 0:12:00]} 20. Rxe5 {[%clk 0:13:07]}  Bxg2 {[%clk 0:12:03]} 21. Kxg2 {[%clk 0:13:10]}  dxc3 {[%clk 0:12:05]} 22. bxc3 {[%clk 0:12:57]}  b6 {[%clk 0:12:07]} 23. d4 {[%clk 0:12:29]}  cxd4 {[%clk 0:12:06]} 24. cxd4 {[%clk 0:12:32]}  Rfd8 {[%clk 0:12:06]} 25. Rd1 {[%clk 0:12:31]}  Rd6 {[%clk 0:11:43]} 26. Kf3 {[%clk 0:10:51]}  Rad8 {[%clk 0:11:44]} 27. Ke4 {[%clk 0:10:50]}  f6 {[%clk 0:10:28]} 28. Rb5 {[%clk 0:10:39]}  Kf7 {[%clk 0:10:30]} 29. f4 {[%clk 0:10:06]}  Rc6 {[%clk 0:10:28]} 30. Rd2 {[%clk 0:09:11]}  Rc3 {[%clk 0:10:16]} 31. f5 {[%clk 0:07:03]}  exf5+ {[%clk 0:07:53]} 32. Kxf5 {[%clk 0:07:04]}  g6+ {[%clk 0:07:51]} 33. Ke4 {[%clk 0:06:51]}  f5+ {[%clk 0:07:26]} 34. Ke5 {[%clk 0:05:55]}  Re3+ {[%clk 0:07:22]} 35. Kf4 {[%clk 0:06:11]}  Re4+ {[%clk 0:07:24]} 36. Kf3 {[%clk 0:05:59]}  Rexd4 {[%clk 0:07:14]} 37. Rxd4 {[%clk 0:05:46]}  Rxd4 {[%clk 0:07:18]} 38. Rb3 {[%clk 0:05:35]}  Kf6 {[%clk 0:06:45]} 39. h4 {[%clk 0:05:23]}  Ra4 {[%clk 0:06:37]} 40. a3 {[%clk 0:05:16]}  g5 {[%clk 0:06:19]} 41. hxg5+ {[%clk 0:04:56]}  Kxg5 {[%clk 0:06:22]} 42. Rd3 {[%clk 0:04:24]}  h5 {[%clk 0:06:25]} 43. Rb3 {[%clk 0:04:00]}  h4 {[%clk 0:06:26]} 44. gxh4+ {[%clk 0:03:11]}  Kxh4 {[%clk 0:06:30]} 45. Re3 {[%clk 0:02:54]}  Kg5 {[%clk 0:06:33]} 46. Rd3 {[%clk 0:02:55]}  Rh4 {[%clk 0:06:33]} 47. Kg3 {[%clk 0:02:43]}  Rc4 {[%clk 0:06:11]} 48. Kh3 {[%clk 0:02:10]}  Kf6 {[%clk 0:06:13]} 49. Kg3 {[%clk 0:01:37]}  Ke5 {[%clk 0:06:16]} 50. Kf3 {[%clk 0:01:35]}  Rd4 {[%clk 0:06:02]} 51. Re3+ {[%clk 0:01:33]}  Kd6 {[%clk 0:05:59]} 52. Rc3 {[%clk 0:01:17]}  Kd5 {[%clk 0:05:57]} 53. Ke3 {[%clk 0:01:18]}  Rc4 {[%clk 0:05:56]} 54. Rd3+ {[%clk 0:01:20]}  Kc5 {[%clk 0:05:59]} 55. Rd7 {[%clk 0:00:48]}  Rc3+ {[%clk 0:05:58]} 56. Kf4 {[%clk 0:00:51]}  Rxa3 {[%clk 0:05:55]} 57. Kxf5 {[%clk 0:00:55]}  a5 {[%clk 0:05:48]} 58. Ke5 {[%clk 0:00:44]}  Re3 {[%clk 0:05:48]} 59. Kf4 {[%clk 0:00:48]}  Re1 {[%clk 0:05:47]} 60. Rc7+ {[%clk 0:00:50]}  Kb4 {[%clk 0:05:47]} 61. Rc6 {[%clk 0:00:53]}  b5 {[%clk 0:05:51]} 62. Kf3 {[%clk 0:00:52]}  a4 {[%clk 0:05:54]} 63. Kf2 {[%clk 0:00:56]}  Re8 {[%clk 0:05:55]} 64. Rd6 {[%clk 0:00:40]}  a3 {[%clk 0:05:48]} 65. Rd4+ {[%clk 0:00:35]}  Ka5 {[%clk 0:05:51]} 66. Rd3 {[%clk 0:00:32]}  b4 {[%clk 0:05:54]} 67. Rb3 {[%clk 0:00:34]}  Ka4 {[%clk 0:05:57]} 68. Rb1 {[%clk 0:00:37]}  a2 {[%clk 0:05:57]} 69. Rb2 {[%clk 0:00:37]}  Ka3 {[%clk 0:06:00]} 70. Rd2 {[%clk 0:00:25]}  a1=Q {[%clk 0:05:55]} 71. Rd3+ {[%clk 0:00:38]}  b3 {[%clk 0:05:56]} 72. Rd7 {[%clk 0:00:35]}  Qf6+ {[%clk 0:05:58]} 73. Kg1 {[%clk 0:00:36]}  Rg8+ {[%clk 0:06:02]} 74. Kh2 {[%clk 0:00:40]}  Qh4+ {[%clk 0:05:54]} 0-1

[Event "Rapid Tournament (RAP)"]
[Site "Biel, CH"]
[Date "2025.07.13"]
[Round "8"]
[White "Anetov, Aisultan"]
[Black "Di Meo, Quentin"]
[Result "1-0"]
[Board "47"]
[WhiteFideId "13784943"]
[BlackFideId "1338498"]
[WhiteElo "1610"]
[BlackElo "1821"]
[WhiteTeam "KAZ"]
[BlackTeam "SUI"]
[WhiteClock "0:07:09"]
[BlackClock "0:00:10"]
[Variant "Standard"]

1. e4 {[%clk 0:15:09]}  c6 {[%clk 0:15:07]} 2. d4 {[%clk 0:15:13]}  d5 {[%clk 0:15:06]} 3. e5 {[%clk 0:15:11]}  Bf5 {[%clk 0:15:09]} 4. Be3 {[%clk 0:15:22]}  e6 {[%clk 0:14:59]} 5. Nd2 {[%clk 0:15:23]}  Nd7 {[%clk 0:14:43]} 6. Ngf3 {[%clk 0:15:27]}  c5 {[%clk 0:14:03]} 7. c3 {[%clk 0:15:32]}  Ne7 {[%clk 0:13:32]} 8. Nh4 {[%clk 0:15:34]}  Bg6 {[%clk 0:13:15]} 9. Nxg6 {[%clk 0:15:26]}  hxg6 {[%clk 0:13:06]} 10. Be2 {[%clk 0:15:29]}  Nf5 {[%clk 0:12:51]} 11. O-O {[%clk 0:15:30]}  cxd4 {[%clk 0:12:12]} 12. cxd4 {[%clk 0:15:33]}  Be7 {[%clk 0:11:03]} 13. g3 {[%clk 0:15:36]}  Nxe3 {[%clk 0:10:40]} 14. fxe3 {[%clk 0:15:40]}  Bg5 {[%clk 0:10:18]} 15. Rf3 {[%clk 0:15:34]}  O-O {[%clk 0:09:49]} 16. Bd3 {[%clk 0:15:03]}  Qb6 {[%clk 0:09:16]} 17. Nb3 {[%clk 0:14:57]}  Rac8 {[%clk 0:08:59]} 18. h4 {[%clk 0:14:15]}  Be7 {[%clk 0:08:33]} 19. Qf1 {[%clk 0:13:52]}  a5 {[%clk 0:08:02]} 20. Qh3 {[%clk 0:13:17]}  a4 {[%clk 0:06:33]} 21. h5 {[%clk 0:13:20]}  g5 {[%clk 0:05:30]} 22. Nd2 {[%clk 0:11:59]}  Qxb2 {[%clk 0:05:14]} 23. Rd1 {[%clk 0:12:02]}  Rc1 {[%clk 0:04:55]} 24. Rff1 {[%clk 0:12:05]}  Rfc8 {[%clk 0:04:30]} 25. h6 {[%clk 0:11:48]}  Bf8 {[%clk 0:02:54]} 26. hxg7 {[%clk 0:11:00]}  Bxg7 {[%clk 0:02:44]} 27. Qh7+ {[%clk 0:11:03]}  Kf8 {[%clk 0:02:46]} 28. Qg6 {[%clk 0:11:01]}  Nf6 {[%clk 0:01:19]} 29. Qxg5 {[%clk 0:10:35]}  Rxd1 {[%clk 0:01:14]} 30. Rxd1 {[%clk 0:10:39]}  Rc1 {[%clk 0:00:53]} 31. Rxc1 {[%clk 0:09:26]}  Qxc1+ {[%clk 0:00:55]} 32. Nf1 {[%clk 0:09:30]}  Ne8 {[%clk 0:00:44]} 33. Qd8 {[%clk 0:09:03]}  Qd1 {[%clk 0:00:34]} 34. Bb5 {[%clk 0:09:03]}  Bh6 {[%clk 0:00:13]} 35. Qxe8+ {[%clk 0:08:36]}  Kg7 {[%clk 0:00:16]} 36. Kg2 {[%clk 0:08:33]}  Qc2+ {[%clk 0:00:15]} 37. Kg1 {[%clk 0:08:16]}  a3 {[%clk 0:00:16]} 38. Qe7 {[%clk 0:07:33]}  Qxa2 {[%clk 0:00:16]} 39. Qf6+ {[%clk 0:07:37]}  Kh7 {[%clk 0:00:08]} 40. Qxf7+ {[%clk 0:07:39]}  Bg7 {[%clk 0:00:09]} 41. Bd3+ {[%clk 0:07:07]}  Kh8 {[%clk 0:00:10]} 42. Qe8+ {[%clk 0:07:09]} 1-0

[Event "Rapid Tournament (RAP)"]
[Site "Biel, CH"]
[Date "2025.07.13"]
[Round "8"]
[White "Creux, Francois"]
[Black "Sauvin, Jacques"]
[Result "1/2-1/2"]
[Board "49"]
[WhiteFideId "1357743"]
[BlackFideId "1301888"]
[WhiteElo "1762"]
[BlackElo "2147"]
[WhiteTeam "SUI"]
[BlackTeam "SUI"]
[WhiteClock "0:04:26"]
[BlackClock "0:03:57"]
[Variant "Standard"]

1. e4 {[%clk 0:15:12]}  e6 {[%clk 0:15:10]} 2. d4 {[%clk 0:15:13]}  d5 {[%clk 0:15:13]} 3. Nc3 {[%clk 0:15:16]}  Nf6 {[%clk 0:15:15]} 4. e5 {[%clk 0:15:15]}  Nfd7 {[%clk 0:15:18]} 5. f4 {[%clk 0:15:01]}  c5 {[%clk 0:15:16]} 6. Be3 {[%clk 0:15:01]}  cxd4 {[%clk 0:15:08]} 7. Bxd4 {[%clk 0:14:56]}  Nc6 {[%clk 0:15:11]} 8. Nf3 {[%clk 0:14:23]}  Nxd4 {[%clk 0:14:14]} 9. Nxd4 {[%clk 0:14:20]}  a6 {[%clk 0:14:06]} 10. Qd2 {[%clk 0:13:44]}  Nb8 {[%clk 0:13:56]} 11. Bd3 {[%clk 0:12:38]}  Nc6 {[%clk 0:13:56]} 12. Nxc6 {[%clk 0:11:16]}  bxc6 {[%clk 0:13:59]} 13. O-O {[%clk 0:10:47]}  g6 {[%clk 0:13:59]} 14. Qf2 {[%clk 0:09:38]}  Qa5 {[%clk 0:13:37]} 15. Qh4 {[%clk 0:08:56]}  Rb8 {[%clk 0:12:50]} 16. Rab1 {[%clk 0:08:09]}  Qd8 {[%clk 0:11:05]} 17. Qxd8+ {[%clk 0:07:52]}  Kxd8 {[%clk 0:11:08]} 18. g4 {[%clk 0:07:34]}  h5 {[%clk 0:11:02]} 19. g5 {[%clk 0:07:16]}  a5 {[%clk 0:10:16]} 20. Ne2 {[%clk 0:06:56]}  Bd7 {[%clk 0:10:04]} 21. c4 {[%clk 0:06:33]}  Bc5+ {[%clk 0:09:38]} 22. Kg2 {[%clk 0:06:32]}  Ba7 {[%clk 0:09:29]} 23. b3 {[%clk 0:06:19]}  Ke7 {[%clk 0:09:28]} 24. Rfc1 {[%clk 0:05:58]}  Rb7 {[%clk 0:09:23]} 25. Kf3 {[%clk 0:05:57]}  Rhb8 {[%clk 0:09:24]} 26. Nc3 {[%clk 0:04:58]}  Bd4 {[%clk 0:08:53]} 27. Ne2 {[%clk 0:04:27]}  Bb6 {[%clk 0:08:39]} 28. Nc3 {[%clk 0:04:21]}  Ba7 {[%clk 0:08:04]} 29. Na4 {[%clk 0:05:09]}  Bd4 {[%clk 0:07:50]} 30. cxd5 {[%clk 0:04:59]}  cxd5 {[%clk 0:07:49]} 31. Nc5 {[%clk 0:04:53]}  Bxc5 {[%clk 0:07:30]} 32. Rxc5 {[%clk 0:04:57]}  a4 {[%clk 0:07:21]} 33. Bc2 {[%clk 0:03:27]}  axb3 {[%clk 0:05:33]} 34. Bxb3 {[%clk 0:04:35]}  Rb4 {[%clk 0:03:57]} 35. Rbc1 {[%clk 0:04:26]} 1/2-1/2

[Event "Rapid Tournament (RAP)"]
[Site "Biel, CH"]
[Date "2025.07.13"]
[Round "8"]
[White "Ye, Zhanting K."]
[Black "Mikavica, Dragoljub"]
[Result "0-1"]
[Board "50"]
[WhiteFideId "2533235"]
[BlackFideId "1308726"]
[WhiteElo "1759"]
[BlackElo "1980"]
[WhiteTeam "IRL"]
[BlackTeam "SUI"]
[WhiteClock "0:00:08"]
[BlackClock "0:01:11"]
[Variant "Standard"]

1. e4 {[%clk 0:15:07]}  g6 {[%clk 0:15:09]} 2. d4 {[%clk 0:15:09]}  Bg7 {[%clk 0:15:13]} 3. Nc3 {[%clk 0:15:03]}  c5 {[%clk 0:15:17]} 4. Be3 {[%clk 0:14:47]}  cxd4 {[%clk 0:15:04]} 5. Bxd4 {[%clk 0:14:50]}  Bxd4 {[%clk 0:14:44]} 6. Qxd4 {[%clk 0:14:53]}  Nf6 {[%clk 0:14:48]} 7. Nd5 {[%clk 0:13:56]}  O-O {[%clk 0:14:16]} 8. Nxf6+ {[%clk 0:13:53]}  exf6 {[%clk 0:14:20]} 9. O-O-O {[%clk 0:13:43]}  Nc6 {[%clk 0:14:20]} 10. Qc3 {[%clk 0:13:38]}  Qe7 {[%clk 0:14:13]} 11. Nf3 {[%clk 0:13:14]}  d6 {[%clk 0:13:33]} 12. Bc4 {[%clk 0:12:51]}  Bg4 {[%clk 0:13:25]} 13. h3 {[%clk 0:11:40]}  Bxf3 {[%clk 0:13:19]} 14. gxf3 {[%clk 0:11:44]}  Ne5 {[%clk 0:13:23]} 15. Bb3 {[%clk 0:11:37]}  Rac8 {[%clk 0:13:21]} 16. Qe3 {[%clk 0:10:42]}  b6 {[%clk 0:12:55]} 17. h4 {[%clk 0:10:27]}  Nc4 {[%clk 0:12:34]} 18. Qh6 {[%clk 0:09:27]}  Qe5 {[%clk 0:12:12]} 19. c3 {[%clk 0:08:52]}  Rc5 {[%clk 0:11:34]} 20. Bxc4 {[%clk 0:08:26]}  Rxc4 {[%clk 0:11:36]} 21. Rd5 {[%clk 0:08:27]}  Qe7 {[%clk 0:10:59]} 22. h5 {[%clk 0:08:04]}  Rc5 {[%clk 0:10:53]} 23. hxg6 {[%clk 0:07:35]}  fxg6 {[%clk 0:10:55]} 24. Rhd1 {[%clk 0:06:43]}  Rxd5 {[%clk 0:10:52]} 25. Rxd5 {[%clk 0:06:41]}  Rc8 {[%clk 0:10:45]} 26. Qd2 {[%clk 0:06:31]}  Rc6 {[%clk 0:10:37]} 27. Qd4 {[%clk 0:06:21]}  Kf7 {[%clk 0:09:57]} 28. f4 {[%clk 0:06:05]}  h5 {[%clk 0:07:19]} 29. e5 {[%clk 0:05:08]}  fxe5 {[%clk 0:06:45]} 30. fxe5 {[%clk 0:04:55]}  dxe5 {[%clk 0:06:07]} 31. Rxe5 {[%clk 0:04:48]}  Qd6 {[%clk 0:05:42]} 32. Rd5 {[%clk 0:04:39]}  Qf6 {[%clk 0:04:38]} 33. Rd7+ {[%clk 0:03:43]}  Kg8 {[%clk 0:04:33]} 34. Rd8+ {[%clk 0:02:41]}  Kg7 {[%clk 0:03:44]} 35. Qd7+ {[%clk 0:02:31]}  Kh6 {[%clk 0:03:30]} 36. Qd2+ {[%clk 0:02:34]}  g5 {[%clk 0:03:15]} 37. Kb1 {[%clk 0:01:58]}  Re6 {[%clk 0:03:01]} 38. Rd7 {[%clk 0:01:36]}  Qf5+ {[%clk 0:02:52]} 39. Kc1 {[%clk 0:01:05]}  Qf4 {[%clk 0:02:12]} 40. Rxa7 {[%clk 0:00:43]}  Re1+ {[%clk 0:01:58]} 41. Kc2 {[%clk 0:00:44]}  Qe4+ {[%clk 0:02:01]} 42. Kb3 {[%clk 0:00:37]}  Qe6+ {[%clk 0:02:03]} 43. Ka3 {[%clk 0:00:34]}  h4 {[%clk 0:01:49]} 44. Qd3 {[%clk 0:00:20]}  Qe4 {[%clk 0:01:31]} 45. Qd6+ {[%clk 0:00:13]}  Kh5 {[%clk 0:01:28]} 46. Qf6 {[%clk 0:00:11]}  b5 {[%clk 0:01:10]} 47. Rg7 {[%clk 0:00:08]}  Qa4# {[%clk 0:01:11]} 0-1

[Event "Rapid Tournament (RAP)"]
[Site "Biel, CH"]
[Date "2025.07.13"]
[Round "8"]
[White "Trubini, Timon"]
[Black "Lopez, Manuel"]
[Result "1-0"]
[Board "51"]
[WhiteFideId "1347799"]
[BlackFideId "1306324"]
[WhiteElo "1743"]
[BlackElo "1930"]
[WhiteTeam "SUI"]
[BlackTeam "SUI"]
[WhiteClock "0:00:36"]
[BlackClock "0:00:23"]
[Variant "Standard"]

1. e4 {[%clk 0:15:09]}  e6 {[%clk 0:15:09]} 2. d4 {[%clk 0:15:13]}  d5 {[%clk 0:15:13]} 3. e5 {[%clk 0:15:18]}  Qd7 {[%clk 0:15:16]} 4. Nf3 {[%clk 0:15:11]}  b6 {[%clk 0:15:20]} 5. c4 {[%clk 0:14:58]}  dxc4 {[%clk 0:14:04]} 6. Bxc4 {[%clk 0:15:02]}  Ba6 {[%clk 0:12:56]} 7. Bxa6 {[%clk 0:14:11]}  Nxa6 {[%clk 0:12:59]} 8. O-O {[%clk 0:14:13]}  Ne7 {[%clk 0:10:37]} 9. Nc3 {[%clk 0:13:58]}  Nb4 {[%clk 0:10:37]} 10. b3 {[%clk 0:13:22]}  Ned5 {[%clk 0:10:24]} 11. Bb2 {[%clk 0:13:06]}  Nxc3 {[%clk 0:10:25]} 12. Bxc3 {[%clk 0:13:09]}  Nd5 {[%clk 0:10:30]} 13. Rc1 {[%clk 0:13:08]}  Be7 {[%clk 0:09:55]} 14. Nd2 {[%clk 0:12:57]}  Nxc3 {[%clk 0:09:43]} 15. Rxc3 {[%clk 0:13:01]}  Bb4 {[%clk 0:09:47]} 16. Rd3 {[%clk 0:12:32]}  Bxd2 {[%clk 0:09:39]} 17. Qxd2 {[%clk 0:12:35]}  c6 {[%clk 0:08:49]} 18. f4 {[%clk 0:12:27]}  g6 {[%clk 0:08:49]} 19. Rc1 {[%clk 0:12:23]}  O-O {[%clk 0:08:18]} 20. g4 {[%clk 0:10:09]}  Qd5 {[%clk 0:08:08]} 21. f5 {[%clk 0:08:59]}  exf5 {[%clk 0:08:12]} 22. gxf5 {[%clk 0:09:02]}  f6 {[%clk 0:04:35]} 23. fxg6 {[%clk 0:07:43]}  fxe5 {[%clk 0:03:44]} 24. Qh6 {[%clk 0:06:44]}  Qd7 {[%clk 0:03:13]} 25. Rg3 {[%clk 0:05:21]}  Qxd4+ {[%clk 0:02:23]} 26. Kh1 {[%clk 0:05:24]}  Qe4+ {[%clk 0:01:58]} 27. Kg1 {[%clk 0:04:57]}  Qd4+ {[%clk 0:02:01]} 28. Re3 {[%clk 0:04:28]}  Qg4+ {[%clk 0:01:52]} 29. Rg3 {[%clk 0:04:31]}  Qd4+ {[%clk 0:01:51]} 30. Kg2 {[%clk 0:03:27]}  Rf2+ {[%clk 0:01:36]} 31. Kh3 {[%clk 0:03:06]}  Qd7+ {[%clk 0:01:30]} 32. Rg4 {[%clk 0:03:05]}  Rf3+ {[%clk 0:01:28]} 33. Kh4 {[%clk 0:02:53]}  Qe7+ {[%clk 0:01:30]} 34. Rg5 {[%clk 0:02:19]}  Rf4+ {[%clk 0:01:08]} 35. Kg3 {[%clk 0:02:22]}  Raf8 {[%clk 0:00:23]} 36. gxh7+ {[%clk 0:01:13]}  Kh8 {[%clk 0:00:27]} 37. Rg8+ {[%clk 0:00:44]}  Rxg8+ {[%clk 0:00:31]} 38. hxg8=Q+ {[%clk 0:00:47]}  Kxg8 {[%clk 0:00:34]} 39. Rxc6 {[%clk 0:00:33]}  Qg7+ {[%clk 0:00:23]} 40. Rg6 {[%clk 0:00:36]} 1-0